Sports Quiz

Random Sports or World Quiz
Score 0/12 Timer 03:00
0 Plays Today
position players % Correct
third baseGeorge Brett
98.7%
second baseFrank White
90.6%
starting pitcherBret Saberhagen
89.3%
center fieldWillie Wilson
88.6%
closing pitcherDan Quisenberry
81.2%
designated hitterHal McRae
70.5%
managerDick Howser
70.5%
first baseSteve Balboni
69.1%
catcherJim Sundberg
45.6%
left fieldLonnie Smith
45.6%
right fieldDarryl Motley
34.2%
shortstopOnix Concepcion
29.5%
Remove Ads.
Support Sporcle.
Get the best of Sporcle when you Go Orange. This ad-free experience offers more features, more stats, and more fun while also helping to support Sporcle. Thank you for becoming a member.

You're not logged in!

Compare scores with friends on all Sporcle quizzes.
OR
Log In

Sporcle TV

Today on Sporcle TV


Watch our educational content, quiz creation guides, and fun videos on Sporcle TV.

Show Comments

Extras

Top Quizzes Today


Score Distribution

Paid Content

Your Account Isn't Verified!

In order to create a playlist on Sporcle, you need to verify the email address you used during registration. Go to your Sporcle Settings to finish the process.

Report this User

Report this user for behavior that violates our Community Guidelines.

Details: